Low cost home ownership proves popular (Record no. 71194)

MARC details
000 -LEADER
fixed length control field 00959cam a2200193 4500
001 - CONTROL NUMBER
control field WB3835-10
008 - FIXED-LENGTH DATA ELEMENTS--GENERAL INFORMATION
fixed length control field 020923n2002 000 0 eng u
035 ## - SYSTEM CONTROL NUMBER
System control number (Sirsi) u119780
245 ## - TITLE STATEMENT
Title Low cost home ownership proves popular
260 ## - PUBLICATION, DISTRIBUTION, ETC.
Date of publication, distribution, etc. 2002
490 ## - SERIES STATEMENT
Series statement ODPM News Release
Volume/sequential designation (0078) 19 September 2002, (2)
520 ## - SUMMARY, ETC.
Summary, etc. Evaluation report carried out for the Office of the Deputy Prime Minister has shown that more than 80% of shared ownership and do-it yourself shared ownership buyers stated they were satisfied with their form of tenure along with 90% of Homebuy purchasers who were satisfied or very satisfied. The research was launched at the National Housing Federation annual conference in Birmingham. For ODPM Press Release: http://www.odpm.gov.uk/news/0209/0078.htm
590 ## - LOCAL NOTE (RLIN)
Local note WB
650 ## - SUBJECT ADDED ENTRY--TOPICAL TERM
Topical term or geographic name entry element NATIONAL HOUSING FEDERATION
650 ## - SUBJECT ADDED ENTRY--TOPICAL TERM
Topical term or geographic name entry element LOW COST HOMES
650 ## - SUBJECT ADDED ENTRY--TOPICAL TERM
Topical term or geographic name entry element SHARED OWNERSHIP
690 ## - LOCAL SUBJECT ADDED ENTRY--TOPICAL TERM (OCLC, RLIN)
Topical term or geographic name as entry element Affordable housing
9 (RLIN) 6215
942 ## - ADDED ENTRY ELEMENTS (KOHA)
Suppress in OPAC 0
Holdings
Withdrawn status Lost status Source of classification or shelving scheme Damaged status Not for loan Home library Current library Shelving location Date acquired Total Checkouts Full call number Barcode Date last seen Copy number Price effective from Koha item type
    Dewey Decimal Classification     London London News article 23/09/2002   WB3835-10 119780-1001 06/08/2019 1 06/08/2019 News article